| 000 | 01004nam a2200337 a 4500 | ||
|---|---|---|---|
| 001 | vtls000086239 | ||
| 003 | NLI | ||
| 005 | 20210601194945.0 | ||
| 008 | 101125s1957 nyua 001 0 eng | ||
| 020 | _cUSD 82.00 | ||
| 039 | 9 |
_y201011250932 _zVLOAD |
|
| 040 | 0 |
_aNLI _beng _cEntertech-2003 _eAACR2 |
|
| 041 | 0 | _aeng | |
| 044 | _anyu | ||
| 082 | 0 | 4 | _a137 |
| 100 | 1 |
_aHall, Calvin S. _q(Calvin Springer), _d1909-1985 _9175944 |
|
| 245 | 1 | 0 |
_aTheories of personality / _cCalvin S. Hall [and] Gardner Lindzey |
| 260 |
_aNew York : _bJohn Wiley, _cc1957 |
||
| 300 |
_a572 p. : _bill. ; _c23 cm. |
||
| 500 | _aIncludes index | ||
| 500 | _aLibrary has 2 cops. | ||
| 650 | 0 |
_aPersonality _924792 |
|
| 700 | 1 |
_aLindzey, Gardner, _4jt.aut _9171158 |
|
| 887 | _a | ||
| 901 |
_aWL5263 _b17.08.1959 |
||
| 901 |
_aG3691 _b20.08.1962 _9c2 |
||
| 902 | _aE137 H14 | ||
| 949 |
_AVIRTUAITEM _D10000 _X100 _6WLX000005263ENG |
||
| 942 |
_2ddc _cBKS |
||
| 949 |
_AVIRTUAITEM _D10000 _X100 _6GXX000003691ENG |
||
| 999 |
_aVIRTUA00 _c89286 _d89286 |
||